00619nam a2200229Ia 4500008004100000050001400041050001800055100003200073245003800105245003000143260001200173260002800185260000900213300001600222300002000238300001100258500004100269650001600310650001800326650002800344650001700372160303s9999 xx 000 0 und d aFIL Q 125 b.M67 2004 c.1 aMosteiro, Arnaldo Privado.  aScience, technology and society / cArnaldo Privado Mosteiro. aManila: bEducational Pub. House, c2004 a166 pages : billustrations ; c23 cm. aIncludes bibliographical references. aScience --  aTechnology -- xPhilippines -- History. xPhilippines.